000 00411nam a22001697a 4500
003 MPLRDC
005 20220104153920.0
008 210129b ||||| |||| 00| 0 eng d
082 _a802.35 CYGS v.3
100 _a云山编著
245 _a成语故事 (三编)
_c
250 _a初版
260 _a
_b怡保南洋出版社
_c1976
300 _b
650 _a成语故事
942 _cBK
_o802.35 CYGS v.3
999 _c53687
_d53677